ბათუმის შოთა რუსთაველის სახელმწიფო უნივერსიტეტის ბიბლიოთეკა

Изготовление и монтаж технологических трубопроводов. (ბიბ.ჩანაწერი № 36993)

000 -LEADER
fixed length control field 00697nam a2200205Ia 4500
001 - CONTROL NUMBER
control field 2945
003 - CONTROL NUMBER IDENTIFIER
control field GE_BSU
008 - FIXED-LENGTH DATA ELEMENTS--GENERAL INFORMATION
fixed length control field 181216s||||||||xx |||||||||||||| ||und||
040 ## - CATALOGING SOURCE
Transcribing agency GE_BSU
080 ## - UNIVERSAL DECIMAL CLASSIFICATION NUMBER
Universal Decimal Classification number 621.643.002
100 ## - MAIN ENTRY--PERSONAL NAME
Personal name Батенчук,А.Н.
245 ## - TITLE STATEMENT
Title Изготовление и монтаж технологических трубопроводов.
250 ## - EDITION STATEMENT
Edition statement изд.второе, дополненное и исправленное.
260 ## - PUBLICATION, DISTRIBUTION, ETC.
Place of publication, distribution, etc. М.
260 ## - PUBLICATION, DISTRIBUTION, ETC.
Name of publisher, distributor, etc. Гостоптехиздат.
260 ## - PUBLICATION, DISTRIBUTION, ETC.
Date of publication, distribution, etc. 1971.
300 ## - PHYSICAL DESCRIPTION
Extent 304стр.20см.
653 ## - INDEX TERM--UNCONTROLLED
Uncontrolled term Изготовление и монтаж технологических трубопроводов.
942 ## - ADDED ENTRY ELEMENTS (KOHA)
Koha item type წიგნი
ეგზემპლარები
Withdrawn status Lost status Damaged status Not for loan Date acquired Barcode Date last seen Price effective from Koha item type
        2018-12-17 9324 2018-12-17 2018-12-17 წიგნი